| 000 | nam a22 7a 4500 | ||
|---|---|---|---|
| 999 |
_c30004 _d30003 |
||
| 003 | OSt | ||
| 005 | 20171002102429.0 | ||
| 008 | 171002b xxu||||| |||| 00| 0 eng d | ||
| 040 |
_aMMU _beng _cMMU _dMMU |
||
| 050 | _aSD664 .K4G47 2007 | ||
| 110 | _aIFRA | ||
| 245 |
_aGestation des ressources naturelles : _bles cashiers d' Afrique de L'Est n34/ |
||
| 260 |
_aNairobi : _bIFRA, _c2007 |
||
| 300 |
_a92 p.: _bill.; |
||
| 650 | _aRessources naturelles | ||
| 942 |
_2lcc _cLOAN LOAN |
||